000 00821nam a2200241 i 4500
001 169272
003 ES-MaACL
005 20250802231940.0
008 080827s2008 sp |||| | spa d
017 _aM-25.874-2008
020 _a978-84-9781-415-7
080 _a354.61(460).075
110 1 _aEspaña.
_bMinisterio de Defensa
_93853
245 1 0 _aMemoria de la VIII Legislatura : (2004-2008) /
_cMinisterio de Defensa.
246 2 _aMemoria del Ministerio de Defensa.
260 _aMadrid :
_bM.D., Secretaría General Técnica,
_c2008.
300 _a483 p. :
_bil. col., gráf. ;
_c24 cm.
500 _aAnexos legislativos.
610 1 4 _aEspaña.
_bMinisterio de Defensa
_93853
651 4 _aEspaña-
_xPolítica militar-
_yS.XX.
_98435
852 4 _aES-MaACL
_jL-29716
_9R.143858
999 _c169272
_d169272